000 00595nam a22002057a 4500
005 20190719104512.0
008 190719b xxu||||| |||| 00| 0 eng d
020 _a9788175418738
_cRs. 850.00
040 _aLoreto College
041 _aEnglish
082 _a370
_bAGG
100 _aAggarwal, J.C.
245 _aSocio-philosophical perspectives of Education
_cJ.C. Aggarwal and Noushad husain
260 _aDelhi
_bShipra Publication
_c2016
300 _a230 p.
_b24 cm.
650 _aEducation- Socio-Philosophy
700 _4Auth
_aHusain, Noushad
850 _aLCLIB
942 _cBK
999 _c42264
_d92743